| 000 | 00481nam a2200145 a 4500 | ||
|---|---|---|---|
| 001 | 000031658 | ||
| 005 | 20200930063102.0 | ||
| 008 | 110629s1999 dr 000 0 spa d | ||
| 040 |
_aDO-SdBNP _bspa _cBNPHU |
||
| 111 | 2 |
_aSeminario-Taller Propositivo sobre la Violencia en la República Dominicana _d(1999: _cSanto Domingo _n7 abr.) _957955 |
|
| 245 | 1 | 0 | _aRecomendaciones. |
| 260 |
_aSanto Domingo : _bCasa Nacional del Diálogo, _c1999. |
||
| 300 |
_a40 p. ; _c22 cm. |
||
| 049 | _aBNPD | ||
| 999 |
_c31150 _d31150 |
||